Communication and concurrency

Αποθηκεύτηκε σε:
Λεπτομέρειες βιβλιογραφικής εγγραφής
Κύριος συγγραφέας: Milner, R. (Robin) 1934-
Μορφή: Βιβλίο
Γλώσσα:English
Δημοσίευση: New York : Prentice Hall, c1989
Σειρά:Prentice-Hall international series in computer science
Θέματα:
Ετικέτες: Προσθήκη ετικέτας
Δεν υπάρχουν, Καταχωρήστε ετικέτα πρώτοι!

MARC

LEADER 00000nam a2200000 i 4500
001 1/55368
008 981021s1989 eng d
020 |a 0-13-115007-3 
035 |l 10045267 
040 |a GR-MY-UA  |b gre  |e aacr 
041 0 |a eng 
082 0 |a 511 
100 1 |a Milner, R.  |q (Robin)  |d 1934- 
245 1 0 |a Communication and concurrency /  |c Robin Milner 
260 |a New York :   |b Prentice Hall,   |c c1989 
300 |a xi, 260 p.;  |c 21 cm. 
490 1 |a Prentice Hall international series in computer science 
500 |a Includes index and bibliography 
650 0 0 |a Machine theory. 
650 0 0 |a Formal languages. 
830 0 |a Prentice-Hall international series in computer science 
852 |a INST  |b SAMOS  |e 19981021  |h 511 MIL  |p 005300010331  |q 005300010331  |t BK  |y 0 
901 |a BIBL-1998-3 
909 |a Σ  |b 057714 
922 |a 3ΕΛΗ  |b 199810  |c ΔΩΡ